Statistics for Countries Bordering Countries Starting With N

Click here to take the quiz!

General Stats

  • This quiz has been taken 37 times
    (35 since last reset)
  • The average score is 22 of 28

Answer Stats

Country% Correct
China
89%
Niger
89%
Russia
89%
South Korea
86%
Chad
83%
Costa Rica
83%
Honduras
83%
India
83%
Nigeria
83%
Albania
80%
Belgium
80%
Benin
80%
Cameroon
80%
Finland
80%
Sweden
80%
Algeria
77%
Bulgaria
77%
Germany
77%
Greece
77%
Kosovo
77%
Mali
77%
Serbia
77%
Angola
74%
South Africa
74%
Botswana
71%
Burkina Faso
71%
Libya
66%
Zambia
63%

Score Distribution

Percentile by Number Answered

Percent of People with Each Score

Your Score History

You have not taken this quiz since the last reset